| 000 | 00469nam a2200181Ia 4500 | ||
|---|---|---|---|
| 005 | 20250326144222.0 | ||
| 008 | 250326s9999 xx 000 0 und d | ||
| 037 | _aTextbook | ||
| 040 |
_aFMSL _beng _cFMSL |
||
| 041 |
_aeng _2eng |
||
| 084 | _qFMSL | ||
| 100 | _aBoyd H W | ||
| 245 | 0 |
_aPromotion a behavioral new _cBoyd H W; Levy S J |
|
| 260 |
_aEnglewood _bEnglewood, Cliffs P H India _c1967 |
||
| 300 | _a115p | ||
| 942 | _cTB | ||
| 999 |
_c1302845 _d1302845 |
||